Fifty six stones (Record no. 222862)
[ view plain ]
| 000 -LEADER | |
|---|---|
| fixed length control field | 02061nam a22002177a 4500 |
| 005 - DATE AND TIME OF LATEST TRANSACTION | |
| control field | 20220510113221.0 |
| 008 - FIXED-LENGTH DATA ELEMENTS--GENERAL INFORMATION | |
| fixed length control field | 220510b ||||| |||| 00| 0 eng d |
| 040 ## - CATALOGING SOURCE | |
| Transcribing agency | Aloy |
| 041 ## - LANGUAGE CODE | |
| Language code of text/sound track or separate title | eng |
| 082 ## - DEWEY DECIMAL CLASSIFICATION NUMBER | |
| Edition number | 23 |
| Classification number | 811.54 |
| Item number | SALF |
| 100 ## - MAIN ENTRY--PERSONAL NAME | |
| Personal name | Rafael M Salas |
| 100 ## - MAIN ENTRY--PERSONAL NAME | |
| 9 (RLIN) | 35542 |
| 245 ## - TITLE STATEMENT | |
| Title | Fifty six stones |
| 260 ## - PUBLICATION, DISTRIBUTION, ETC. | |
| Place of publication, distribution, etc. | New York: |
| Name of publisher, distributor, etc. | Weatherhill, |
| Date of publication, distribution, etc. | 1985. |
| 300 ## - PHYSICAL DESCRIPTION | |
| Extent | 85p. |
| Other physical details | HB |
| Dimensions | 22x14cm. |
| 365 ## - TRADE PRICE | |
| Source of price type code | English |
| 520 ## - SUMMARY, ETC. | |
| Summary, etc. | FOREWARD The haiku is the best known Japanese poetic form both in and outside Japan. In Japan, anywhere from thirty thousand to three million people are said to write haiku, and the number seems to be increasing. Under-Secretary General (to the United Nations) Rafael M. Salas is publishing a selection of haikum he has written over the past two decades. Mr. Salas's haiku are more often the objective descriptions of the places he visited, of the people he met. And as executive director of the United Nations Fund for Population Activities, Mr. Salas has visited many places and met many people. The result is a number of haiku that recall one of the original functions of haiku: complimenting the place, the host. So visiting Myoshinji Temple, in Kyoto, and meeting Roshi Yamada, he writes: ' Beneath a temple eave, Lone spider spins a web As the monk sits still' of finding himself in the Gobi Desert: 'Wood-fed fires in tents As cold Gobi winds seep in a bowl of horse milk' Or visiting Belgrade: 'One lilac blossom One faded red coffee cup A child's voice afar' Mr. Salas is also a man "in politics," as he says of himself, and as someone who has brought the pressing matter of population to our attention, he cannot fail to note what we human beings have done. He wrote the following while in Beijing: 'In Summer Palace Oriole's songs are heard again Hands of a billion men' "This collection of fifty-sox haiku is a fine travelogue of a fine public servant." Hiroaki Sato New York City |
| 650 ## - SUBJECT ADDED ENTRY--TOPICAL TERM | |
| Topical term or geographic name entry element | American English Poetry |
| 9 (RLIN) | 35543 |
| 650 ## - SUBJECT ADDED ENTRY--TOPICAL TERM | |
| Topical term or geographic name entry element | American English Literature |
| 9 (RLIN) | 35544 |
| 700 ## - ADDED ENTRY--PERSONAL NAME | |
| Personal name | SALAS (Rafael M) |
| 9 (RLIN) | 35545 |
| 942 ## - ADDED ENTRY ELEMENTS (KOHA) | |
| Source of classification or shelving scheme | Dewey Decimal Classification |
| Koha item type | George Fernandes Collections |
| Withdrawn status | Lost status | Source of classification or shelving scheme | Damaged status | Not for loan | Collection code | Home library | Current library | Date acquired | Total Checkouts | Full call number | Barcode | Date last seen | Price effective from | Koha item type |
|---|---|---|---|---|---|---|---|---|---|---|---|---|---|---|
| Dewey Decimal Classification | English | St Aloysius Library | St Aloysius Library | 03/24/2013 | 811.54 SALF | GF02419 | 05/10/2022 | 05/10/2022 | George Fernandes Collections |